|
|
|
|
| LEADER |
00000nam0a2200000 4500 |
| 001 |
350939 |
| 005 |
20250214113413.0 |
| 035 |
|
|
|a (RuTPU)RU\TPU\retro\5319
|
| 090 |
|
|
|a 350939
|
| 100 |
|
|
|a 20190314d1959 k y0rusy50 ca
|
| 101 |
0 |
|
|a rus
|
| 102 |
|
|
|a RU
|
| 105 |
|
|
|a a z 101zy
|
| 200 |
1 |
|
|a Совершенствование буровзрывных работ в горной промышленности
|e труды третьего совещания по буровзрывным работам, г. Москва, февраль 1958 г.
|f Научно-техническое горное общество ; Академия наук СССР (АН СССР), Институт горного дела им. А. А. Скочинского (ИГД) ; под ред. Н. В. Мельникова
|
| 210 |
|
|
|a Москва
|c Углетехиздат
|d 1959
|
| 215 |
|
|
|a 444 с.
|c ил.
|
| 316 |
|
|
|5 63413507: КР-6297
|a На форзаце владельческая подпись: "А. Воробьев"
|
| 317 |
|
|
|5 63413507: КР-6297
|a Поступила в НТБ в 1987 г. в дар от вдовы ученого Е. К. Завадовской
|
| 320 |
|
|
|a Библиография в конце докладов
|
| 330 |
|
|
|a В сборнике помещены статьи участников третьего научно-технического совещания по буровзрывным работам, проходившего в феврале 1958 г., в г. Москве. В сборнике освещены вопросы современного состояния теории взрыва и разрушения горных пород взрывом, перспективы применения ядерной энергии при производстве взрывных работ в промышленности, описаны новые взрывчатые вещества и средства взрывания, в частности электродетонаторы короткозамед-ленного действия, пути дальнейшего совершенствования взрывчатых материалов и разработки простейших взрывчатых веществ малой стоимости для открытых горных работ. Сборник содержит материалы, освещающие состояние техники бурения и обосновывающие направление дальнейшего совершенствования буровых механизмов. Отражены результаты последних исследований в области совершенствования взрывных работ, в том числе применение массовых взрывов для вскрытия нагорных месторождений, конструкции заряда выброса и дробления, повышающие коэффициент использования взрыва, а также передовой опыт и производственные достижения по буровзрывным работам на горных предприятиях Советского Союза. Книга Предназначается для инженеров и техников буровзрывного дела и представляет интерес для преподавателей и студентов горных высших учебных заведений.
|
| 606 |
1 |
|
|a Буровзрывные работы
|2 stltpush
|3 (RuTPU)RU\TPU\subj\30498
|9 53601
|
| 610 |
1 |
|
|a взрывные работы
|
| 610 |
1 |
|
|a взрывчатые вещества
|
| 610 |
1 |
|
|a средства взрывания
|
| 610 |
1 |
|
|a шпуры
|
| 610 |
1 |
|
|a скважины
|
| 610 |
1 |
|
|a бурение
|
| 610 |
1 |
|
|a безопасность
|
| 610 |
1 |
|
|a совещания
|
| 610 |
1 |
|
|a библиотека А. А. Воробьева
|
| 610 |
1 |
|
|a дары библиотеке
|
| 675 |
|
|
|a 622.233(063)
|v 4
|
| 702 |
|
1 |
|a Мельников
|b Н. В.
|4 340
|
| 712 |
0 |
2 |
|a Научно-техническое горное общество
|c Москва
|c 1955-
|7 ca
|8 rus
|2 stltpush
|3 (RuTPU)RU\TPU\col\11550
|9 25172
|
| 712 |
0 |
2 |
|a Академия наук СССР (АН СССР)
|b Институт горного дела им. А. А. Скочинского (ИГД)
|c (Люберцы)
|2 stltpush
|3 (RuTPU)RU\TPU\col\11351
|
| 712 |
1 |
2 |
|a Буровзрывные работы
|c совещание
|d 3
|e Москва
|f 1958
|
| 801 |
|
1 |
|a RU
|b 63413507
|c 20190314
|
| 801 |
|
2 |
|a RU
|b 63413507
|c 20200603
|g RCR
|
| 942 |
|
|
|c BK
|